00417nam a2200157Ia 4500008004100000020000700041082001200048100001900060245004900079250000700128260004600135300002400181500000700205600003300212650001400245240925s9999 xx 000 0 und d aNA a080 OHL aOhler , Norman 0aVoice and Vision Young writers from Pakistan aNA aKarachi:bOxford University Pressc,2008. a137p.bNAfOriginal aNA aHumanities & Natural Science aGeneralia